00599 2200217 4500001002100000005001500021035002000036245010000056100001200156300002500168700001300193700002900206260004500235082001100280084001700291020002200308650001800330990001100348990001100359990001100370INLIS00000000000159220231214082835 a0010-12230000021 aJangan Pernah Menyerah ! :bKumpulan Kutipan Inspiratif dari Jack Ma Pendiri Alibaba /cSuk Lee0 aSuk Lee axv, 148 hlm ;c20 cm0 aBob Song0 aAlex Tri Kantjono Widodo aJakarta :bGramedia Pustaka Utama,c2023 a155.25 a155.25 SUK j a978-602-03-7198-6 4aMotivasi Diri a002985 a002986 a002987